Estatísticas para Encontre o país misterioso usando pistas de cor

Clique aqui para jogar o quiz

Estatísticas Gerais

  • Esse quiz foi jogado 320 vezes
  • A pontuação média é 34 de 196

Respostas no mapa

Respostas codificadas por cores de uma escala verde-vermelha no mapa do quiz de acordo com a % correta abaixo.
Carregando ...
PERTOLONGE
 

Estatísticas das Respostas

País% Correto
Brasil
81%
Rússia
62%
Alemanha
58%
França
54%
China
43%
Espanha
43%
Estados Unidos
40%
Itália
39%
Portugal
34%
Polônia
33%
Dinamarca
31%
Canadá
31%
Suíça
31%
México
28%
Noruega
28%
Áustria
28%
Egito
28%
Índia
28%
Argentina
27%
África do Sul
26%
Reino Unido
26%
Japão
26%
Grécia
26%
Hungria
24%
Ucrânia
24%
Suécia
24%
Bélgica
23%
Turquia
23%
Austrália
23%
Uruguai
22%
República Checa
22%
Países Baixos
22%
Croácia
21%
Paraguai
20%
Islândia
20%
Mongólia
20%
Irlanda
20%
Bolívia
20%
Chile
20%
Coréia do Sul
19%
Finlândia
19%
Árabia Saudita
18%
Peru
18%
Marrocos
18%
Argélia
18%
Tunísia
17%
Bósnia e
Herzegovina
17%
Eslováquia
17%
Irã
17%
Cuba
17%
Israel
17%
Equador
17%
Colômbia
17%
Mônaco
17%
Luxemburgo
17%
Albânia
17%
Níger
16%
República Democrática
do Congo
16%
Chade
16%
Paquistão
16%
Malta
16%
Belarus
16%
Guiana
16%
República do Congo
16%
Kosovo
16%
Indonésia
16%
Panamá
16%
Estônia
15%
Angola
15%
Vaticano
15%
Cazaquistão
15%
Guatemala
15%
Bulgária
15%
Romênia
15%
Cabo Verde
15%
Jamaica
15%
Líbia
15%
Geórgia
15%
Mali
14%
Azerbaijão
14%
Armênia
14%
Nigéria
14%
Lituânia
14%
Iraque
14%
Chipre
14%
Togo
14%
Senegal
14%
Afeganistão
14%
Liechtenstein
14%
San Marino
14%
Guiné
14%
Andorra
14%
Nova Zelândia
14%
Uganda
14%
Barbados
14%
Belize
14%
Sri Lanka
14%
Venezuela
14%
Costa Rica
14%
Suriname
14%
Vietnã
14%
Letônia
13%
Camboja
13%
Maurício
13%
Lesoto
13%
Tailândia
13%
Coréia do Norte
13%
Laos
13%
Haiti
13%
Essuatíni
13%
Bahamas
13%
Republica Dominicana
13%
Trinidad e Tobago
13%
Granada
13%
Madagascar
13%
São Vicente e
Granadinas
13%
Santa Lúcia
13%
Líbano
13%
Moldávia
13%
Malásia
13%
Taiwan
13%
Ilhas Marshall
13%
Fiji
13%
Samoa
13%
Vanuatu
13%
Tuvalu
13%
Ilhas Salomão
13%
Kiribati
13%
Nauru
13%
Papua Nova Guiné
13%
Estados Federados
da MicronésIa
13%
Montenegro
13%
São Cristóvão e Névis
13%
Timor Leste
13%
Sérbia
13%
Palau
13%
Brunei
13%
Filipinas
13%
El Salvador
13%
Macedônia do Norte
13%
Cingapura
13%
Nicarágua
13%
Honduras
13%
Dominica
13%
Namíbia
13%
Síria
13%
Quênia
13%
República
Centro-Africana
13%
Tanzânia
13%
Gana
13%
Tajiquistão
13%
Omã
13%
Burundi
13%
Iêmen
13%
Gâmbia
13%
Djibouti
13%
Sudão do Sul
13%
Costa do Marfim
13%
Camarões
13%
Quirguistão
13%
Guiné-Bissau
13%
Etiópia
13%
Serra Leoa
13%
Ruanda
13%
Guiné Equatorial
13%
Tonga
13%
Libéria
13%
Somália
13%
São Tomé e Príncipe
13%
Nepal
13%
Emirados Árabes Unidos
13%
Gabão
13%
Seychelles
13%
Botsuana
13%
Antígua e Barbuda
13%
Jordânia
13%
Mianmar
13%
Moçambique
13%
Maldivas
13%
Zimbábue
13%
Kuwait
13%
Bangladesh
13%
Comores
13%
Maláui
13%
Benin
13%
Mauritânia
13%
Turcomenistão
13%
Bahrein
13%
Butão
13%
Catar
13%
Uzbequistão
13%
Sudão
13%
Burkina Faso
13%
Eritréia
13%
Zâmbia
13%
País Misterioso
13%

Distribuição das Pontuações

Percentil de Números Respondidos

Porcentagem de Pessoas com Cada Pontuação

Sua Pontuação Histórica

Você não jogou esse quiz